[Event "Elista ol (Men)"]
[Site "Elista"]
[Date "1998.10.05"]
[Round "7"]
[White "Fierro Baquero, Martha Lorena"]
[Black "Ghorbani, Mohsen"]
[Result "1-0"]
[WhiteElo "2240"]
[BlackElo "2430"]

1.e4 c5 2.Nf3 Nc6 3.Bb5 g6 4.c3 Nf6 5.e5 Nd5 6.O-O Bg7 7.d4 cxd4 8.cxd4 O-O
9.Nc3 Nc7 10.Bf4 Nxb5 11.Nxb5 a6 12.Nc3 d6 13.exd6 exd6 14.h3 Re8 15.Qd2 Bf5
16.Rfe1 Qd7 17.Bh6 Bh8 18.Qf4 d5 19.Ne5 Nxe5 20.dxe5 Qc6 21.Rac1 Qc4 22.Ne4 Qxa2
23.Nd6 Be6 24.Rc7 Rf8 25.Rxb7 Qa5 26.b4 Qa4 27.Bxf8 Rxf8 28.Qd4 Qa3 29.Ra1 Qb3
30.Rxa6 Qb1+ 31.Kh2 Qf1 32.Raa7 g5 33.Qe3 h6 34.Nb5 Bf5 35.Nc3 Qc4 36.Ne2 Be4
37.Re7 Qxb4 38.Ng3 Bg6 39.Rab7 Qc4 40.e6 d4 41.exf7+ Kh7 42.Qa3 Bg7 43.Rbc7 Qd5
44.Rcd7 Qc4 45.Qd6 Qa2 46.Re2 Qa5 47.Re8 Rxf7 48.Ree7 Qa2 49.Rxf7  1-0

[Event "Elista ol (Men)"]
[Site "Elista"]
[Date "1998.10.06"]
[Round "8"]
[White "Solomon, Stephen J"]
[Black "Rahman, Ziaur"]
[Result "1/2-1/2"]
[WhiteElo "2435"]
[BlackElo "2500"]

1.e4 c5 2.Nf3 Nc6 3.Bb5 g6 4.Bxc6 dxc6 5.d3 Bg7 6.O-O e5 7.Be3 Qe7 8.h3 Nf6
9.Qd2 Nd7 10.Nc3 Nf8 11.Ne2 Ne6 12.Rae1 f6 13.Nh2 g5 14.Ng3 Nf4 15.Nf5 Bxf5
16.exf5 Nd5 17.Ng4 O-O-O 18.Qa5 b6 19.Qa4 Kb7 20.Qe4 h5 21.Nh2 Qd7 22.Nf3 Ne7
23.g4 Nc8 24.Nd2 Bf8 25.Kg2 Bd6 26.Rh1 Bc7 27.Qf3 Qf7 28.b3 Ne7 29.a4 Nd5
30.Ne4 a5 31.Ng3 Nb4 32.Qe2 Qd5+ 33.f3 e4 34.fxe4 Qe5 35.Nxh5 Qb2 36.Bc1 Qxc2
37.Qxc2 Nxc2 38.Re2 Nd4 39.Rb2 Be5 40.Re1 b5 41.Rf1 Ka6 42.Rff2 Rb8 43.h4 gxh4
44.Kh3 bxa4 45.bxa4 Rb4 46.Nf4 Nb3 47.Rbc2 Nxc1 48.Rxc1 Rb3 49.Rxc5 Bxf4
50.Rxf4 Rxd3+ 51.Kh2 Kb6 52.Rc4 Rhd8 53.Rf2 Re3 54.Rfc2 Rd6 55.Rg2 Rdd3 56.Rgc2 Rh3+
57.Kg1 Rdg3+ 58.Rg2 Rxg2+ 59.Kxg2 Rg3+ 60.Kf2 Rxg4 61.Kf3 Rg8 62.e5 fxe5
63.Rxh4 Rd8 64.Re4 Kc5 65.Rxe5+ Kb4 66.f6 Kxa4 67.f7 Rf8 68.Rf5 Kb3 69.Ke3 a4
70.Kd2 Kb2 71.Kd3 a3 72.Kc4 a2 73.Rf2+ Ka3 74.Rf3+ Ka4 75.Rf1  1/2-1/2

[Event "Elista ol (Men)"]
[Site "Elista"]
[Date "1998.10.06"]
[Round "8"]
[White "Fierro Baquero, Martha Lorena"]
[Black "Tsedenov, Sanal"]
[Result "1-0"]
[WhiteElo "2240"]
[BlackElo "2100"]

1.e4 c5 2.Nf3 Nc6 3.Bb5 g6 4.c3 Nf6 5.e5 Nd5 6.O-O Bg7 7.d4 cxd4 8.cxd4 Nc7
9.Bc4 d5 10.Be2 O-O 11.Nc3 a6 12.Be3 b5 13.Qd2 Be6 14.Rac1 Qd7 15.Bh6 Rac8
16.Qf4 Bg4 17.Bxg7 Kxg7 18.Ng5 Bxe2 19.Nxe2 h6 20.Nh3 Ne6 21.Qd2 Qa7 22.Rcd1 f6
23.exf6+ exf6 24.Nhf4 Qd7 25.Qd3 Ne7 26.Nxe6+ Qxe6 27.Nf4 Qd6 28.Qg3 Kf7
29.Qf3 g5 30.Nd3 Ng6 31.Rfe1 Rfe8 32.Qf5 Kg7 33.Nc5 Nf4 34.g3 Ng6 35.Re6 Qf8
36.Rxa6 Qf7 37.Nd7 Ra8 38.Rxf6  1-0

[Event "Elista ol (Men)"]
[Site "Elista"]
[Date "1998.10.06"]
[Round "8"]
[White "Ribeiro, Fernando"]
[Black "Lhagvasuren, Cedendemberel"]
[Result "0-1"]
[WhiteElo "2335"]
[BlackElo "2355"]

1.e4 c5 2.Nf3 Nc6 3.Bb5 g6 4.O-O Bg7 5.c3 Nf6 6.e5 Nd5 7.d4 cxd4 8.cxd4 O-O
9.Nc3 Nc7 10.Bg5 d6 11.exd6 Qxd6 12.Bxc6 bxc6 13.Re1 Re8 14.Qa4 Ne6 15.Be3 Bd7
16.Ne5 Red8 17.Rad1 c5 18.Nxd7 cxd4 19.Nf6+ exf6 20.Ne4 Qd7 21.Qa3 f5 22.Ng5 Nxg5
23.Bxg5 Re8 24.Be7 Rac8 25.Bc5 Rxe1+ 26.Rxe1 d3 27.Rd1 Bxb2 28.Qxb2 Rxc5
29.h3 h5 30.Qb8+ Kh7 31.Qb3 d2 32.Qb2 Rd5 33.a4 f4 34.a5 f3  0-1

[Event "Elista ol (Men)"]
[Site "Elista"]
[Date "1998.10.06"]
[Round "8"]
[White "Sulskis, Sarunas"]
[Black "Egger, Jorge"]
[Result "1-0"]
[WhiteElo "2555"]
[BlackElo "2415"]

1.e4 c5 2.Nf3 Nc6 3.Bb5 d6 4.O-O Bd7 5.Re1 a6 6.Bf1 g6 7.c3 Bg7 8.Na3 Nf6
9.d4 cxd4 10.cxd4 Bg4 11.Nc2 O-O 12.a4 Rc8 13.Ra3 e5 14.d5 Ne7 15.Ne3 Bxf3
16.gxf3 Nh5 17.Rb3 Rc7 18.Bd2 Nc8 19.Ng2 f5 20.Ba5 b6 21.Rxb6 Rcf7 22.Rxa6 Qe7
23.Rc6 fxe4 24.Rxe4 Bh6 25.Rec4 Na7 26.Rc7 Qg5 27.Bb6 Rxc7 28.Rxc7 Nc8 29.Be3  1-0

[Event "Elista ol (Men)"]
[Site "Elista"]
[Date "1998.10.07"]
[Round "9"]
[White "Ipsarides, Herodotos"]
[Black "Kanengoni, Arnold T"]
[Result "1/2-1/2"]
[WhiteElo "2250"]
[BlackElo "2215"]

1.e4 c5 2.Nf3 Nc6 3.Bb5 e6 4.Bxc6 bxc6 5.d3 d5 6.Nbd2 Nf6 7.Qe2 Be7 8.O-O O-O
9.Re1 d4 10.b3 Nd7 11.a4 e5 12.Nf1 Re8 13.Ng3 g6 14.Kh1 Bf6 15.Ng1 Bg5 16.Ba3 Bh6
17.Rf1 Qe7 18.Qe1 Nf8 19.N3e2 f5 20.f3 f4 21.g4 fxg3 22.hxg3 Ne6 23.Kg2 Rf8
24.Nh3 Rf7 25.Neg1  1/2-1/2

[Event "Elista ol (Men)"]
[Site "Elista"]
[Date "1998.10.07"]
[Round "9"]
[White "Komliakov, Viktor"]
[Black "Agopov, Mikael"]
[Result "1-0"]
[WhiteElo "2485"]
[BlackElo "2350"]

1.e4 c5 2.Nf3 Nc6 3.Bb5 e6 4.Bxc6 bxc6 5.d3 f6 6.O-O d6 7.c3 Ne7 8.Ne1 Ng6
9.f4 Be7 10.Nf3 O-O 11.Qe2 d5 12.c4 Qc7 13.g3 d4 14.Nbd2 Bd7 15.Rf2 Bd6 16.Nf1 Be8
17.Ne1 Rb8 18.Ng2 Kh8 19.Nd2 Rb7 20.Nf3 Qb8 21.Qf1 Kg8 22.Nge1 Nh8 23.Nd2 Bc7
24.Nb3 Bb6 25.Bd2 f5 26.exf5 exf5 27.Nf3 Re7 28.Re1 Ng6 29.Rxe7 Nxe7 30.Qe1 Qd8
31.Ng5 Bd7 32.Ne6 Bxe6 33.Qxe6+ Rf7 34.a4 a5 35.Qe1 Ng6 36.Re2 Nf8 37.Nxa5 Bxa5
38.Bxa5 Qb8 39.b4 cxb4 40.Bxb4 Qa7 41.Re7 Qxa4 42.Rxf7 Kxf7 43.Qe7+ Kg6 44.Qe8+ Kh6
45.Bxf8 Qd1+ 46.Kf2 Qh1 47.Qe6+  1-0

[Event "Elista ol (Men)"]
[Site "Elista"]
[Date "1998.10.09"]
[Round "10"]
[White "Nedev, Trajce"]
[Black "Spangenberg, Hugo"]
[Result "1/2-1/2"]
[WhiteElo "2435"]
[BlackElo "2520"]

1.e4 c5 2.Nf3 Nc6 3.Bb5 d6 4.O-O Bd7 5.Re1 Nf6 6.c3 a6 7.Ba4 b5 8.Bc2 Bg4
9.a4 b4 10.a5 e5 11.Ba4 Bd7 12.d4 Be7 13.dxc5 dxc5 14.cxb4 cxb4 15.Be3 O-O
16.Bb6 Qb8 17.Nbd2 Rc8 18.Bb3 Bd8 19.Nc4 Be6 20.Ng5 Bxc4 21.Bxc4 Bxb6 22.axb6 Nd8
23.Qb3 Qxb6 24.Bxf7+ Kh8 25.Bd5 Ra7 26.Rad1 Rac7 27.Qg3 Rc2 28.Bb3 R2c7 29.Qxe5 Qxf2+
30.Kh1 Nc6 31.Qd6 h6 32.Nh3 Qxb2 33.Be6 Qe5 34.Bxc8 Rxc8 35.Nf4 Kh7 36.Qxe5 Nxe5
37.Ra1 b3 38.Rab1 Rc3 39.Nd5 Nxd5 40.exd5 Nc4 41.Red1 a5 42.d6 Nxd6 43.Rxd6 a4
44.Rb6 a3  1/2-1/2

[Event "Elista ol (Men)"]
[Site "Elista"]
[Date "1998.10.09"]
[Round "10"]
[White "Oral, Tomas"]
[Black "Wu Wenjin"]
[Result "1/2-1/2"]
[WhiteElo "2510"]
[BlackElo "2385"]

1.e4 c5 2.Nf3 Nc6 3.Bb5 e6 4.Bxc6 bxc6 5.d3 Ne7 6.Nh4 d5 7.Qe2 Ba6 8.Nd2 c4
9.dxc4 Nc8 10.Nhf3 Nb6 11.b3 Bb4 12.O-O O-O 13.Bb2 dxc4 14.Nxc4 Nxc4 15.bxc4 Qc7
16.Rab1 Be7 17.Rfd1 Rfd8 18.Bc3 Rxd1+ 19.Qxd1 Rd8 20.Qe1 Qd6 21.c5 Qd7 22.Bd4 f6
23.Be3 e5 24.Qa5 Bb5 25.h3 g6 26.Qb4 Qe6 27.a4 Be2 28.Qb3 Kf7 29.Qxe6+ Kxe6
30.Rb7 Rd7 31.Rxd7 Kxd7 32.Ne1 Kc7 33.f4 exf4 34.Bxf4+ Kd7 35.Kf2 Bd1 36.Ke3 g5
37.Kd2 Bh5 38.Be3 Bg6 39.Kd3 f5 40.exf5 Bxf5+ 41.Kd2 Be4 42.Bd4  1/2-1/2

[Event "Elista ol (Men)"]
[Site "Elista"]
[Date "1998.10.09"]
[Round "10"]
[White "Perdomo, Carlos Andres"]
[Black "Franco Ocampo, Zenon"]
[Result "1-0"]
[WhiteElo "2410"]
[BlackElo "2485"]

1.e4 c5 2.Nf3 Nc6 3.Bb5 e6 4.c3 d5 5.exd5 Qxd5 6.O-O Nf6 7.d4 cxd4 8.c4 Qd6
9.Nxd4 Bd7 10.Nxc6 Bxc6 11.Qxd6 Bxd6 12.Bxc6+ bxc6 13.Nc3 Ke7 14.h3 Rhd8
15.Be3 Be5 16.Bc5+ Ke8 17.Na4 Ne4 18.Be3 Bd4 19.Rfe1 Ke7 20.Rac1 f6 21.Rc2 e5
22.Rce2 Bxe3 23.Rxe3 Nd6 24.f4 Nxc4 25.Rc3 Rd4 26.b3 Nb6 27.Nxb6 axb6 28.fxe5 c5
29.exf6+ Kxf6 30.Rf3+ Kg5 31.Re7 g6 32.Rxh7 Rxa2 33.Rg3+ Kf5 34.Rf7+ Ke5
35.Rxg6 Rb4 36.Rg4 Ke6 37.Rf3 Ra3 38.Rgg3 b5 39.Re3+ Kd6 40.Rd3+ Ke5 41.Rg5+ Ke4
42.Rdd5 Rbxb3 43.Rxc5 b4 44.Kh2 Rc3 45.Rg4+  1-0

[Event "Elista ol (Men)"]
[Site "Elista"]
[Date "1998.10.09"]
[Round "10"]
[White "Ribeiro, Fernando"]
[Black "Nilssen, John Arni"]
[Result "0-1"]
[WhiteElo "2335"]
[BlackElo "2305"]

1.e4 c5 2.Nf3 Nc6 3.Bb5 g6 4.Bxc6 dxc6 5.d3 Bg4 6.h3 Bxf3 7.Qxf3 Bg7 8.Nc3 Nf6
9.O-O Nd7 10.Qe2 e5 11.Be3 Qe7 12.a4 Nf8 13.a5 Ne6 14.Na4 O-O 15.Qd2 Rab8
16.b4 cxb4 17.Bxa7 Ra8 18.Qe3 Bh6 19.Qxh6 Rxa7 20.Nb6 Nd4 21.Qd2 Nb5 22.f4 Na3
23.f5 Rd8 24.f6 Qf8 25.Na4 Rxa5 26.Rxa3 b5 27.Rb3 Rxa4 28.Qg5 Re8 29.Rb2 h6
30.Qe3 Kh7 31.h4 Qd6 32.h5 Qd4 33.Qxd4 exd4 34.hxg6+ Kxg6 35.Rfb1 c5 36.Rf1 Re5
37.Rbb1 Ra6 38.Ra1 Ra3 39.Rfb1 c4  0-1

[Event "Elista ol (Men)"]
[Site "Elista"]
[Date "1998.10.10"]
[Round "11"]
[White "Odeev, Handszar"]
[Black "Makarov, Marat"]
[Result "0-1"]
[WhiteElo "2420"]
[BlackElo "2530"]

1.e4 c5 2.Nf3 Nc6 3.Bb5 e6 4.O-O Nge7 5.c3 a6 6.Ba4 b5 7.Bc2 Bb7 8.a4 Ng6
9.d4 cxd4 10.axb5 axb5 11.Rxa8 Bxa8 12.Nxd4 b4 13.Nb5 Qb8 14.c4 Bc5 15.Nd2 Na5
16.b3 d6 17.Bb2 e5 18.g3 O-O 19.Qe2 Nc6 20.Nf3 Nd8 21.Rd1 Ne6 22.Bc1 Bc6
23.Be3 Rd8 24.Bd3 Qb7 25.Nd2 h6 26.Ra1 Ra8 27.Qe1 Ngf8 28.Rxa8 Qxa8 29.Bxc5 dxc5
30.Nf3 Nd7 31.Nd6 g6 32.h4 Qa2 33.Qb1 Qxb1+ 34.Bxb1 h5 35.Kf1 f6 36.Bc2 Nb6
37.Bd3 Kf8 38.Ke2 Ke7 39.Nb5 Nd7 40.Na7 Bb7 41.Bc2 f5 42.Nb5 fxe4 43.Nd2 Nf6
44.Ke3 Nd4 45.Bd1 Nf5+ 46.Ke2 e3  0-1

[Event "Elista ol (Men)"]
[Site "Elista"]
[Date "1998.10.10"]
[Round "11"]
[White "West, Guy"]
[Black "Dukaczewski, Piotr"]
[Result "1-0"]
[WhiteElo "2405"]
[BlackElo "2225"]

1.e4 c5 2.Nf3 Nc6 3.Bb5 d6 4.d4 cxd4 5.Qxd4 Bd7 6.Bxc6 Bxc6 7.Nc3 e6 8.Bg5 Nf6
9.O-O-O Be7 10.Rhe1 O-O 11.Kb1 a6 12.Qd3 Rc8 13.h4 b5 14.Nd4 Bb7 15.a3 Qb6
16.Be3 Rxc3 17.Qxc3 Nxe4 18.Qd3 Nc5 19.Qd2 a5 20.Nb3 a4 21.Nxc5 dxc5 22.h5 Bd5
23.h6 Bf6 24.Bg5 Qd8 25.hxg7 Re8 26.f4 Kxg7 27.Qe3 Bxg5 28.fxg5 Qd6 29.Qh3 Qc6
30.Re5 b4 31.Qh6+ Kg8 32.Rexd5 bxa3 33.Rd8 axb2 34.Qf6  1-0

[Event "Budapest FS10 GM"]
[Site "Budapest"]
[Date "1998.10.11"]
[Round "9"]
[White "Kreiman, Boris"]
[Black "Mikhaletz, Lubomir"]
[Result "1-0"]
[WhiteElo "2455"]
[BlackElo "2495"]

1.e4 c5 2.Nf3 Nc6 3.Bb5 g6 4.Bxc6 dxc6 5.h3 Bg7 6.d3 b6 7.Nc3 c4 8.d4 b5
9.O-O Nf6 10.e5 Nd5 11.Ne4 O-O 12.Re1 f5 13.Nc5 h6 14.e6 Qd6 15.Ne5 Rf6 16.Ned7 Bxd7
17.exd7 a5 18.Qf3 Ra7 19.Bd2 Rxd7 20.Nxd7 Qxd7 21.Bxa5 Qa7 22.Bc3 b4 23.Bd2 Qxd4
24.Bxb4 Qxb2 25.c3 e5 26.Qd1 Nxb4 27.cxb4 c3 28.a3 e4 29.Re2 Rd6 30.Rxb2 Rxd1+
31.Rxd1 cxb2 32.a4 Bd4 33.a5 Kf7 34.a6 Ke6 35.Kf1 h5 36.h4 e3 37.f4 Kd5 38.b5 b1=Q
39.Rxb1 cxb5 40.Rxb5+ Kc4 41.Rb7 Kc3 42.Ke2  1-0

[Event "Elista ol (Men)"]
[Site "Elista"]
[Date "1998.10.11"]
[Round "12"]
[White "Rubery, Mark"]
[Black "Nilssen, John Arni"]
[Result "0-1"]
[WhiteElo "2290"]
[BlackElo "2305"]

1.e4 c5 2.Nf3 Nc6 3.Bb5 g6 4.c3 Nf6 5.e5 Nd5 6.O-O Bg7 7.d4 cxd4 8.cxd4 O-O
9.Nc3 Nc7 10.Re1 d6 11.exd6 Qxd6 12.Ne4 Qd5 13.Nc3 Qd6 14.Ne4 Qb4 15.Bxc6 bxc6
16.Ne5 Qb6 17.Nc5 Rd8 18.Qf3 Bxe5 19.Rxe5 Ne6 20.Qc3 Rb8 21.b3 Nxd4 22.Bb2 Rd5
23.Rae1 Nb5 24.Qe3 e6 25.a4 Nc7 26.Qc3 Kf8 27.Ba3 Kg8 28.R5e3 Rf5 29.Rh3 Nd5
30.Qd2 h5 31.Rd3 Qc7 32.g3 Qd8 33.Rd4 Kh7 34.Bc1 Qf8 35.Rc4 e5 36.Qc2 Qe7
37.Bd2 Qf6 38.Ne4 Qe7 39.h4 Bd7 40.Nc5 Be8 41.Rce4 Qd6 42.f4 exf4 43.Rxe8 f3
44.Kf2 Rxe8 45.Rxe8 Nf6 46.Ne4 Qd4+  0-1

[Event "Elista ol (Men)"]
[Site "Elista"]
[Date "1998.10.11"]
[Round "12"]
[White "Zhang Zhong"]
[Black "Grivas, Efstratios"]
[Result "1/2-1/2"]
[WhiteElo "2510"]
[BlackElo "2520"]

1.e4 c5 2.Nf3 Nc6 3.Bb5 d6 4.O-O Bd7 5.Re1 Nf6 6.c3 a6 7.Ba4 c4 8.Bc2 Rc8
9.b3 b5 10.Qe2 Ne5 11.Nxe5 dxe5 12.bxc4 bxc4 13.Na3 Qc7 14.d3 cxd3 15.Bxd3 e6
16.Rb1 Bc5 17.Bxa6 Ra8 18.Nc2 Nxe4 19.Qxe4 Rxa6 20.Nb4 Ra5 21.Qg4 g6 22.Rd1 O-O
23.Bh6 Re8 24.h4 Bb5 25.c4 Ba4 26.Rdc1 Qd6 27.a3 Ra7 28.Be3 Bxe3 29.fxe3 Qc5
30.Qg5 Rd7 31.Na6 Qd6 32.Nb4 Rc8 33.h5 Qc5 34.Na6 Qd6 35.Nb4 Rdc7 36.Qf6 Qc5
37.Rc3 Qf8 38.Nd3 e4 39.Nf2 Qg7 40.Nxe4 Qxf6 41.Nxf6+ Kg7 42.Rb4 Bc6 43.Ng4 gxh5
44.Ne5 Bd5 45.Rc2 f6 46.Rd2 Bxc4 47.Rxc4 Rxc4 48.Rd7+ Kh6 49.Nxc4 Rxc4 50.Rd6 Re4
51.Kf2 Kg6 52.Kf3 f5 53.a4 Kf6 54.Rd4 Re5 55.e4 Ra5 56.exf5 Kxf5  1/2-1/2

[Event "Elista ol (Men)"]
[Site "Elista"]
[Date "1998.10.11"]
[Round "12"]
[White "Peng Xiaomin"]
[Black "Miladinovic, Igor"]
[Result "1-0"]
[WhiteElo "2550"]
[BlackElo "2555"]

1.e4 c5 2.Nf3 Nc6 3.Bb5 e6 4.O-O Nge7 5.b3 Nd4 6.Nxd4 cxd4 7.Bb2 a6 8.Bd3 Nc6
9.c3 Bc5 10.cxd4 Bxd4 11.Bxd4 Nxd4 12.Nc3 d6 13.Qh5 O-O 14.Rae1 Bd7 15.f4 Bb5
16.Re3 g6 17.Qh6 f5 18.Nxb5 axb5 19.exf5 Nxf5 20.Bxf5 exf5 21.Rfe1 Qf6 22.h4 Qg7
23.Qg5 h6 24.Qe7 Rxa2 25.Qxd6 Ra1 26.Rxa1 Qxa1+ 27.Kf2 Qf6 28.Qxf6 Rxf6 29.Re7 Rb6
30.Ke3 Kf8 31.Rd7 Ke8 32.Rh7 h5 33.d4 Rc6 34.d5 Rc3+ 35.Kd4 Rxb3 36.Ke5 b4
37.Rxb7 Rb1 38.Kf6 Rg1 39.Kxg6 Rxg2+ 40.Kxf5 Rb2 41.Ke6 Kd8 42.f5 Kc8 43.Rb5 b3
44.f6 Re2+ 45.Kf5 b2 46.f7  1-0

[Event "Elista ol (Men)"]
[Site "Elista"]
[Date "1998.10.12"]
[Round "13"]
[White "Short, Nigel D"]
[Black "Krasenkow, Michal"]
[Result "1/2-1/2"]
[WhiteElo "2670"]
[BlackElo "2655"]

1.e4 c5 2.Nf3 Nc6 3.Bb5 e6 4.c3 Nge7 5.d4 cxd4 6.cxd4 d5 7.Nc3 dxe4 8.Nxe4 Nf5
9.O-O Be7 10.Bxc6+ bxc6 11.Qc2 O-O 12.Rd1 Qc7 13.Bg5 f6 14.Bd2 Rd8 15.Qc4 Nd6
16.Nxd6 Qxd6 17.Rac1 Bd7 18.Re1 Rdc8 19.Be3 Qd5 20.Nd2  1/2-1/2

[Event "NRW Sportland Cup Masters"]
[Site "Senden"]
[Date "1998.10.12"]
[Round "5"]
[White "Glek, Igor V"]
[Black "Ballo, Emanuel"]
[Result "1-0"]
[WhiteElo "2580"]
[BlackElo "2200"]

1.e4 c5 2.Nf3 Nc6 3.Bb5 g6 4.Bxc6 bxc6 5.O-O Bg7 6.Re1 Nh6 7.c3 O-O 8.d4 cxd4
9.cxd4 d6 10.h3 f6 11.Nc3 Nf7 12.b3 Bd7 13.Bb2 Qc7 14.Rc1 Qb7 15.Rc2 Rad8
16.Rd2 Rfe8 17.Qa1 Be6 18.d5 Bd7 19.dxc6 Bxc6 20.Nd4 Bd7 21.Nc2 Ne5 22.f4 Bh6
23.Nd5 Be6 24.Nce3 Nd7 25.Rc2 Nc5 26.Qd1 Rc8 27.Rc4 Nd7 28.Rxc8 Qxc8 29.Re2 Qb7
30.Rc2 Bxd5 31.Nxd5 Nc5 32.b4 Na6 33.Qd4 Bg7 34.f5 Kf8 35.Qc4 Bh6 36.Bd4 Rb8
37.a3 Re8 38.Qc6 Rb8 39.Qxb7 Rxb7 40.Rc8+ Kf7 41.Rh8 Kg7 42.Ra8 Nc7 43.Nxc7 Rxc7
44.Rxa7 Rc1+ 45.Kf2 Rc2+ 46.Kf3 Kf7 47.b5  1-0

[Event "NRW Sportland Cup Masters"]
[Site "Senden"]
[Date "1998.10.13"]
[Round "6"]
[White "Mueller, Max"]
[Black "Sarana, Oksana"]
[Result "1/2-1/2"]
[WhiteElo "2165"]
[BlackElo "2265"]

1.e4 c5 2.Nf3 Nc6 3.Bb5 g6 4.O-O Bg7 5.Bxc6 dxc6 6.d3 e5 7.Nbd2 Ne7 8.a4 O-O
9.Nc4 Qc7 10.Re1 f6 11.a5 Be6 12.b3 Rfd8 13.Bd2 g5 14.Bc3 Ng6 15.Ne3 Rd7
16.g3 Bf8 17.h4 g4 18.Nd2 h5 19.f3 Bh6 20.Ndf1 Rg7 21.fxg4 Nxh4 22.Nf5 Nxf5
23.gxf5 Bf7 24.Bd2 Bf4 25.Kf2 Bxd2 26.Qxd2 Kh7 27.Ne3 Rh8 28.Rh1 Kg8 29.Rag1  1/2-1/2

[Event "NRW Sportland Cup Masters"]
[Site "Senden"]
[Date "1998.10.16"]
[Round "9"]
[White "Mueller, Max"]
[Black "Konietzka, Lutz"]
[Result "1-0"]
[WhiteElo "2165"]
[BlackElo "2125"]

1.e4 c5 2.Nf3 Nc6 3.Bb5 Nd4 4.Nxd4 cxd4 5.c3 Nf6 6.e5 Qb6 7.Qa4 Nd5 8.cxd4 a6
9.Be2 Nb4 10.a3 Nc6 11.d5 Nxe5 12.f4 Ng6 13.f5 Qc7 14.O-O b5 15.Qe4 Qe5 16.Qxe5 Nxe5
17.d4 Nc4 18.Bxc4 bxc4 19.Nd2 a5 20.Nxc4 Ba6 21.b3 a4 22.Re1 Kd8 23.Nb6 Rb8
24.Nxa4 Rxb3 25.Nc5 Rb6 26.Bd2 Rd6 27.Ba5+ Ke8 28.f6 Rxd5 29.Rab1  1-0

[Event "Andres Clemente Vazquez mem"]
[Site "Guiines"]
[Date "1998.10.17"]
[Round "5"]
[White "Gonzalez, Yuri"]
[Black "Ocampo, Raul"]
[Result "0-1"]
[WhiteElo "2385"]
[BlackElo "2215"]

1.e4 c5 2.Nf3 Nc6 3.Bb5 g6 4.Bxc6 dxc6 5.d3 Bg7 6.h3 Nf6 7.Nc3 O-O 8.Be3 b6
9.Qd2 Re8 10.O-O-O Ba6 11.Bh6 Bh8 12.h4 c4 13.h5 cxd3 14.e5 Nd5 15.cxd3 Qc8
16.Rh4 Qf5 17.d4 Nb4 18.Ne4 c5 19.hxg6 fxg6 20.Qe3 Qe6 21.a3 cxd4 22.Nxd4 Qc4+
23.Kd2 Rad8 24.Nc3 Nc6 25.Kc2 Nxe5 26.Re4 Ng4 27.Rxg4 e5 28.Qe4 Qf7 29.Nf5 Bc8
30.Nd6 Rxd6 31.Rxd6 Bf5  0-1

[Event "VAM Hoogeveen op"]
[Site "Hoogeveen"]
[Date "1998.10.17"]
[Round "2"]
[White "Westerinen, Heikki MJ"]
[Black "Golod, Vitali"]
[Result "0-1"]
[WhiteElo "2435"]
[BlackElo "2555"]

1.e4 c5 2.Nf3 Nc6 3.Bb5 g6 4.O-O Bg7 5.c3 Nf6 6.Re1 O-O 7.d4 cxd4 8.cxd4 d5
9.e5 Ne4 10.Nc3 Bf5 11.Qb3 Nxc3 12.bxc3 Na5 13.Qb4 Qc7 14.Bg5 a6 15.Ba4 Rfc8
16.Qxe7 Qxe7 17.Bxe7 Rxc3 18.Bb4 Rc4 19.a3 Bf8 20.Bxf8 Kxf8 21.Bd1 Rac8 22.h3 h6
23.Kh2 Rc1 24.Rxc1 Rxc1 25.Ba4 Rc3 26.Nh4 Be6 27.f4 Nc4 28.g4 g5 29.f5 gxh4
30.fxe6 fxe6 31.Rf1+ Ke7 32.Rf6 Rxa3 33.Be8 Kxe8 34.Rxe6+ Kf7 35.Rxh6 Ra2+
36.Kg1 Rd2 37.Rxh4 b5 38.Rh7+ Kg6 39.Ra7 b4 40.h4 b3 41.Rxa6+ Kf7  0-1

[Event "SVK-chT2A 9899"]
[Site "SVK"]
[Date "1998.10.17"]
[Round "1"]
[White "Kovacocy, Pavol"]
[Black "Markos, Jan"]
[Result "0-1"]
[WhiteElo "2220"]
[BlackElo "2185"]

1.e4 c5 2.Nf3 Nc6 3.Bb5 g6 4.O-O Bg7 5.c3 Nf6 6.Re1 O-O 7.Na3 d6 8.Bxc6 bxc6
9.e5 Nd5 10.exd6 exd6 11.d4 cxd4 12.Nxd4 Qd7 13.Nac2 c5 14.Nb3 Nb6 15.Bf4 Rd8
16.Qe2 Qf5 17.Bg3 Be6 18.Ne3 Qg5 19.Nd2 d5 20.Nf3 Qh5 21.Bc7 Rd7 22.Bxb6 axb6
23.Qb5 d4 24.cxd4 cxd4 25.Qc6 Rad8 26.Nf1 Bd5 27.Qxb6 Bxf3 28.gxf3 Qxf3 29.Ng3 h5
30.Re7 h4 31.Ne4 h3 32.Kf1 d3 33.Ng3 Bd4 34.Rxf7 Qxf7  0-1

[Event "BL2-N9899"]
[Site "Germany"]
[Date "1998.10.18"]
[Round "1.2"]
[White "Joachim, Sven"]
[Black "Meyer, Falko"]
[Result "1/2-1/2"]
[WhiteElo "2440"]
[BlackElo "2305"]

1.e4 c5 2.Nf3 Nc6 3.Bb5 g6 4.O-O Bg7 5.Re1 Nf6 6.e5 Nd5 7.Nc3 Nc7 8.Bxc6 dxc6
9.Ne4 Ne6 10.d3 O-O 11.Be3 b6 12.Qd2 a5 13.Bh6 Nd4 14.Nxd4 Qxd4 15.Bxg7 Kxg7
16.Ng5 Ra7 17.Nf3 Qxb2 18.Reb1 Qa3 19.Rxb6 Rb7 20.Rxb7 Bxb7 21.Rb1 Ba6 22.Rb6 Bc8
23.c4 a4 24.Kf1 Rd8 25.Ne1 Be6 26.Qc2 Bf5 27.Ke2 Rd4 28.f3 h5 29.Rb8 Rd7
30.Kd2 f6 31.exf6+ exf6 32.Qb1 Kh6 33.Rh8+ Kg7 34.Rb8 Kh6 35.Rb6 Rd6 36.Rb7 g5
37.Rb8 Kg6 38.Rg8+ Kf7 39.Rb8 Kg6 40.Qc2 Rd7 41.Rb6 Rd6 42.Qb1 Kg7 43.Ra6 Kg6
44.Qb3 Qxb3 45.axb3 axb3 46.Rb6 Be6 47.Ke3 f5 48.g3 Rd8 49.Rxb3 Re8 50.Kd2 f4
51.gxf4 gxf4 52.Ra3 Bh3 53.Ra5 Bf1 54.Rxc5 Re2+ 55.Kd1 Rxh2 56.Rxc6+ Kf7
57.c5 Be2+ 58.Kc1 Rh1 59.Kd2 Rh2 60.Kc3 Bd1 61.d4 Re2 62.Nd3 Re3 63.Kd2 Bxf3
64.Rd6 Re2+ 65.Kc3 Re3 66.Kd2 Re2+ 67.Kc1 Bg4 68.Nxf4 Ra2 69.Nd3 Bf5 70.Nf4 h4
71.Rh6 Ra4 72.Rxh4  1/2-1/2

[Event "SVK-chT2A 9899"]
[Site "SVK"]
[Date "1998.10.18"]
[Round "2"]
[White "Janos, Jozef"]
[Black "Stefan, Oldrich"]
[Result "1-0"]
[WhiteElo "2185"]
[BlackElo "2074"]

1.e4 c5 2.Nf3 Nc6 3.Bb5 Qc7 4.c3 e6 5.O-O Nge7 6.d4 cxd4 7.cxd4 d5 8.exd5 Nxd5
9.Nc3 Be7 10.Qb3 Nxc3 11.bxc3 O-O 12.Re1 Bf6 13.Ba3 Rd8 14.Rad1 Bd7 15.Bd3 Rac8
16.Bb2 g6 17.Nd2 Bg7 18.Rc1 Na5 19.Qd1 b5 20.Ba3 Nb7 21.Qe2 Qa5 22.Bb4 Qb6
23.Ne4 a5 24.Be7 Re8 25.Nf6+ Kh8 26.Nxd7 Qc7 27.Bf6 Qxd7 28.Bxg7+ Kxg7 29.Bxb5 Qd5
30.Bxe8 Rxe8 31.Qe5+ Qxe5 32.Rxe5 Rd8 33.Rb5 Rd7 34.Rcb1 Nd6 35.Rxa5 Ne4
36.Rc1 Nd2 37.f3 Nc4 38.Ra8 e5 39.Rc8 Nd6 40.Rc6 exd4 41.cxd4 Nf5 42.R6c4 Nxd4
43.Kf2 Nb5 44.a4 Na3 45.Rc7 Rd2+ 46.Kg3 Rd4 47.Ra7 Nc4 48.Rc2 Kf6 49.a5 Nd6
50.Ra2 Nb5 51.Rb7 Nc3 52.Ra3  1-0

[Event "Andres Clemente Vazquez mem"]
[Site "Guiines"]
[Date "1998.10.22"]
[Round "9"]
[White "Abreu, Arian"]
[Black "Castillo Castelan, Miguel"]
[Result "0-1"]
[WhiteElo "2420"]
[BlackElo "2110"]

1.e4 c5 2.Nf3 Nc6 3.Bb5 g6 4.Bxc6 bxc6 5.O-O Bg7 6.c3 Nf6 7.Re1 O-O 8.d4 cxd4
9.cxd4 d5 10.e5 Ne4 11.Nc3 Nxc3 12.bxc3 Ba6 13.Ba3 Re8 14.Nd2 e6 15.Nb3 Bc4
16.Nc5 Qc7 17.h4 Rab8 18.h5 Rb5 19.Qc1 Qd8 20.hxg6 hxg6 21.g3 f6 22.exf6 Qxf6
23.Nd7 Qf5 24.Ne5 Bxe5 25.Rxe5 Qh3 26.Qg5 Bd3 27.Rd1 Bf5 28.Be7 Rb7 29.Rxe6 Qh7
30.Rde1 Bxe6  0-1

[Event "Andres Clemente Vazquez mem"]
[Site "Guiines"]
[Date "1998.10.22"]
[Round "9"]
[White "Suri, Alberto"]
[Black "Ocampo, Raul"]
[Result "1/2-1/2"]
[WhiteElo "2310"]
[BlackElo "2215"]

1.e4 c5 2.Nf3 Nc6 3.Bb5 g6 4.O-O Nf6 5.Re1 Bg7 6.c3 O-O 7.h3 d6 8.d4 Nd7
9.Na3 a6 10.Bf1 b5 11.Nc2 Bb7 12.a4 Qb6 13.Na3 cxd4 14.axb5 axb5 15.cxd4 Nxd4
16.Be3 Nxf3+ 17.Qxf3 Qd8 18.Nxb5 Rxa1 19.Rxa1 Bxb2  1/2-1/2

[Event "VAM Hoogeveen op"]
[Site "Hoogeveen"]
[Date "1998.10.23"]
[Round "8"]
[White "Van der Weide, Karel"]
[Black "Reinderman, Dimitri"]
[Result "1/2-1/2"]
[WhiteElo "2490"]
[BlackElo "2540"]

1.e4 c5 2.Nf3 Nc6 3.Bb5 e5 4.O-O Nge7 5.c3 g6 6.d4 cxd4 7.cxd4 exd4 8.Nxd4 Bg7
9.Be3 O-O 10.Nc3 a6 11.Be2  1/2-1/2

[Event "Trier"]
[Site "Trier"]
[Date "1998.10.23"]
[Round "5"]
[White "Becker, Marc"]
[Black "Horvath, Tamas1"]
[Result "1/2-1/2"]
[WhiteElo "2420"]
[BlackElo "2430"]

1.e4 c5 2.Nf3 Nc6 3.Bb5 e6 4.Nc3 Nge7 5.O-O Ng6 6.d4 cxd4 7.Nxd4 Qc7 8.Be3 a6
9.Bd3 Nxd4 10.Bxd4 b5 11.Kh1 Bb7 12.f4 Nxf4 13.Qf3 f6 14.Qxf4 Qxf4 15.Rxf4 e5
16.Bxe5  1/2-1/2

[Event "Najdorf op"]
[Site "Buenos Aires"]
[Date "1998.10.24"]
[Round "1"]
[White "Leone, Juliana"]
[Black "Zapata, Alonso"]
[Result "0-1"]
[WhiteElo "2090"]
[BlackElo "2470"]

1.e4 c5 2.Nf3 Nc6 3.Bb5 d6 4.d4 cxd4 5.Nxd4 Bd7 6.Nc3 Nf6 7.O-O e6 8.Be3 Be7
9.f4 O-O 10.Qf3 Qc7 11.Bd3 a6 12.Qg3 b5 13.a3 Rad8 14.Rae1 Nxd4 15.Bxd4 Bc6
16.e5 dxe5 17.Bxe5 Qa7+ 18.Kh1 g6 19.f5 Nh5 20.Qg4 exf5 21.Bxf5 Bd6 22.Bxd6 Rxd6
23.Qg5 Qc5 24.Qh6 b4 25.axb4 Qxb4 26.Be4 Qxb2 27.Bxc6 Qxc3 28.Be4 Rf6 29.Bd3 a5
30.Qg5 Kg7 31.Ra1 Rxf1+ 32.Rxf1 Re8 33.Qg4 Re1  0-1

[Event "Najdorf op"]
[Site "Buenos Aires"]
[Date "1998.10.24"]
[Round "1"]
[White "Montes de Oca, Juan"]
[Black "Poluljahov, Aleksandr"]
[Result "0-1"]
[WhiteElo "2145"]
[BlackElo "2530"]

1.e4 c5 2.Nf3 Nc6 3.Bb5 g6 4.O-O Bg7 5.c3 Nf6 6.Re1 O-O 7.d4 d5 8.e5 Ne4
9.Nbd2 cxd4 10.cxd4 Nxd2 11.Bxd2 Qb6 12.Bxc6 bxc6 13.Bc3 Bg4 14.h3 Bxf3 15.Qxf3 e6
16.Qe3 a5 17.Re2 Rfc8 18.Rc1 c5 19.Rec2 c4 20.g4 f6 21.f4 Rf8 22.Rf1 g5 23.exf6 gxf4
24.Rxf4 Rxf6 25.Rxf6 Bxf6 26.Re2 Re8 27.Kg2 Re7 28.Qf4 Bg7 29.h4 h6 30.a3 Rf7
31.Qe3 Rf6 32.Rf2 Rxf2+ 33.Kxf2 a4 34.Ke2 Kf7 35.Qf4+ Kg8 36.Qe3 Qd6 37.Kf3 Qe7
38.Kg3 Kh7 39.Kh3 Qf6 40.Kg3 Qg6 41.Kf3 h5 42.gxh5 Qxh5+ 43.Kg3 Qg6+ 44.Kh3 Qf5+  0-1